| LEADER | 01233nam a2200217 4500 | ||
|---|---|---|---|
| 082 | |a 580.9597 |b D107m. | ||
| 100 | |a Lê Trọng Cúc | ||
| 245 | |a Danh mục các loài thực vật Việt Nam |c Lê Trọng Cúc chủ nhiệm dự án |n Tập 1 | ||
| 260 | |a H. |b Nông nghiệp |c 2001 | ||
| 300 | |a 1181tr. |c 31cm | ||
| 520 | |a v.v.. | ||
| 653 | |a Thực vật | ||
| 653 | |a Việt Nam | ||
| 653 | |a Danh mục | ||
| 942 | |2 ddc |c STK0 | ||
| 999 | |c 6034 |d 6034 | ||
| 952 | |0 0 |1 0 |2 ddc |4 0 |6 580_959700000000000_D107M |7 0 |8 500 |9 55376 |a qbu |b qbu |c D3 |d 2015-01-13 |g 29000 |o 580.9597 D107m. |p 5870.c1 |r 0000-00-00 |w 2015-01-13 |y STK0 | ||
| 952 | |0 0 |1 0 |2 ddc |4 0 |6 580_959700000000000_D107M |7 0 |8 500 |9 55377 |a qbu |b qbu |c D3 |d 2015-01-13 |g 29000 |o 580.9597 D107m. |p 5870.c2 |r 0000-00-00 |w 2015-01-13 |y STK0 | ||
| 952 | |0 0 |1 0 |2 ddc |4 0 |6 580_959700000000000_D107M |7 0 |8 500 |9 55378 |a qbu |b qbu |c D3 |d 2015-01-13 |g 29000 |o 580.9597 D107m. |p 5870.c3 |r 0000-00-00 |w 2015-01-13 |y STK0 | ||
| 952 | |0 0 |1 0 |2 ddc |4 0 |6 580_959700000000000_D107M |7 0 |8 500 |9 55379 |a qbu |b qbu |c D3 |d 2015-01-13 |g 29000 |o 580.9597 D107m. |p 5870.c4 |r 0000-00-00 |w 2015-01-13 |y STK0 | ||
| 952 | |0 0 |1 0 |2 ddc |4 0 |6 580_959700000000000_D107M |7 0 |8 500 |9 55380 |a qbu |b qbu |c D3 |d 2015-01-13 |g 29000 |o 580.9597 D107m. |p 5870.c5 |r 0000-00-00 |w 2015-01-13 |y STK0 | ||